000 00502nam a22001817a 4500
003 CEME
005 20210628202731.0
008 210122b xxu||||| |||| 00| 0 eng d
020 _a0-691-12201-6
040 _cceme
082 _a530.11 MER
100 _aMermin, N. David
_961327
245 _aIt's about time understanding einstein's relativity
260 _aNEW YORK
_bPRINCETON UNIVERSTY PRESS
_c2005
300 _aXIII,193 P
650 _aSPECIAL RELATIVITY (PHYSICS)
_98500
942 _cBK
_2ddc
999 _c570816
_d570816